Statistics for 50 men's football figures

Click here to take the quiz!

General Stats

  • This quiz has been taken 51 times
  • The average score is 26 of 50

Answer Stats

HintAnswer% Correct
Chelsea's Ivorian greatDidier Drogba
88%
Der KaiserFranz Beckenbauer
86%
Hand of GodDiego Maradona
83%
Portugal's great striker of the 1960sEusebio
83%
French midfield artist who corruptly ran UEFAMichel Platini
83%
The only man to win three World CupsPele
81%
Career ended with a headbutt on the world's greatest stageZinedine Zidane
81%
He bent it for a film titleDavid Beckham
79%
Egomaniacal SwedeZlatan Ibrahimovic
79%
Mightiest of the MagyarsFerenc Puskas
74%
Generational Man Utd talent destroyed by boozeGeorge Best
69%
He managed teams to win English, Spanish and Italian leaguesJose Mourinho
69%
AC Milan great who became president of his countryGeorge Weah
67%
Soviet keeper nicknamed 'the black spider'Lev Yashin
67%
Toothy Brazilian imprisoned for using a fake passportRonaldinho
67%
'Siuuuu'Cristiano Ronaldo
64%
Der BomberGerd Muller
64%
The greatest manager of the current agePep Guardiola
60%
Ponytail and penalty miss defined 1994 World CupRoberto Baggio
60%
Decked in an Arab robe for his crowning achievementLionel Messi
57%
World Cup golden boot winner turned TV presenterGary Lineker
55%
East Asia's greatest ever playerSon Heung-Min
55%
Brazilian dribbler of the 1950sGarrincha
52%
Stunning volley that won Euro 88Marco Van Basten
52%
Led Real Madrid to five early European Cup winsAfredo di Stefano
50%
Kung Fu badboyEric Cantona
50%
Scored more goals in one World Cup than anybody elseJust Fontaine
50%
Italian striker who seized glory in 1982Paolo Rossi
50%
Chain smoking exemplar of total footballJohan Cruyff
48%
Mad-eyed bald refereePierluigi Collina
48%
Hirsute Brazilian great who gave up football to become a doctorSocrates
48%
His team of 'babes' were lost in a Munich air disasterMatt Busby
45%
Brazil's 'White Pele' of the 1970s and 80sZico
45%
Ultimate football bureaucrat brought down by corruptionSepp Blatter
43%
Assaulted with a pig's headLuis Figo
40%
Took a small English team to two European cupsBrian Clough
38%
Germany's egomaniac late 80s starLothar Matthaus
38%
The man who invented the World CupJules Rimet
36%
English talent who cried after a 1990 yellow cardPaul Gascoigne
36%
Corner flag dance to announce Africa's arrival in world footballRoger Milla
36%
Legal ruling in his favour changed football finances foreverJean-Marc Bosman
33%
The greatest Arab playerMohammed Salah
29%
America's greatest - if fictional - football exportTed Lasso
24%
Coach who invented Total FootballRinus Michels
21%
Accused of shoplifting in ColombiaBobby Moore
19%
Wizard of the dribbleStanley Matthews
19%
Orchestrated the great AC Milan team of the late 1980sArrigo Sacchi
17%
Early English manager who pioneered use of money to win titlesHerbert Chapman
12%
Won the ticker tape World CupMario Kempes
12%
Juventus hardman of the 1970sClaudio Gentile
10%

Score Distribution

Percentile by Number Answered

Percent of People with Each Score

Your Score History

You have not taken this quiz